[Event "Tbilisi Cup"]
[Site "Tbilisi"]
[Date "2010.05.15"]
[Round "1"]
[White "Paichadze, Luka"]
[Black "Ahmadov, Vusal Karimkhan"]
[Result "1-0"]
[WhiteElo "2452"]
[BlackElo "1922"]
[PlyCount "43"]
[EventDate "2010.05.15"]
[EventType "swiss"]
[EventRounds "9"]
[EventCountry "GEO"]
[SourceTitle "CBM 136 Extra"]
[Source "ChessBase"]
[SourceDate "2010.07.02"]
[SourceVersion "2"]
[SourceVersionDate "2010.07.15"]
[SourceQuality "1"]

1. e4 c5 2. b3 Nc6 3. Bb2 d6 4. Bb5 Bd7 5. f4 Nf6 6. d3 Nd4 7. Bxd7+ Qxd7 8. Nf3 Nxf3+ 9. Qxf3 Qc6 10. 0-0 e6 11. Nd2 Be7 12. Qg3 h5 13. e5 h4 14. Qh3 Nh5 15. Ne4 d5 16. Nd6+ Bxd6 17. exd6 d4 18. Rae1 Qxd6 19. f5 0-0-0 20. fxe6 fxe6 21. Rxe6 Qd7 22. Rf7 1-0

[Event "Moscow op-B"]
[Site "Moscow"]
[Date "2009.11.20"]
[Round "1"]
[White "Ahmadov, Vusal Karimkhan"]
[Black "Poghosyan, Suren"]
[Result "0-1"]
[WhiteElo "1953"]
[BlackElo "2218"]
[PlyCount "43"]
[EventDate "2009.01.31"]
[EventType "swiss"]
[EventRounds "9"]
[EventCountry "RUS"]
[SourceTitle "EXT 2012"]
[Source "ChessBase"]
[SourceDate "2011.11.24"]
[SourceVersion "1"]
[SourceVersionDate "2011.11.24"]
[SourceQuality "1"]

1. c4 Nf6 2. Nc3 e6 3. d4 d5 4. Nf3 Be7 5. Bf4 0-0 6. e3 c5 7. cxd5 Nxd5 8. Nxd5 Qxd5 9. a3 cxd4 10. Qxd4 Qxd4 11. Nxd4 Bf6 12. Bd6 Rd8 13. Rc1 Bxd4 14. exd4 Nc6 15. Bc5 Nxd4 16. Rd1 Nc2+ 17. Ke2 Bd7 18. Rc1 Ba4 19. Rb1 Bb3 20. h4 Rac8 21. Be3 e5 22. f3 0-1

[Event "Moscow op-B"]
[Site "Moscow"]
[Date "2009.02.05"]
[Round "6"]
[White "Vasiliev, Mikhail2222"]
[Black "Ahmadov, Vusal Karimkhan"]
[Result "1-0"]
[WhiteElo "1486"]
[BlackElo "1953"]
[PlyCount "93"]
[EventDate "2009.01.31"]
[EventType "swiss"]
[EventRounds "9"]
[EventCountry "RUS"]
[SourceTitle "EXT 2012"]
[Source "ChessBase"]
[SourceDate "2011.11.24"]
[SourceVersion "1"]
[SourceVersionDate "2011.11.24"]
[SourceQuality "1"]

1. e4 c5 2. Nf3 Nc6 3. d4 cxd4 4. Nxd4 Nf6 5. Nxc6 bxc6 6. Bd3 d5 7. exd5 cxd5 8. 0-0 e6 9. Bg5 Bd6 10. Bb5+ Bd7 11. Bxd7+ Qxd7 12. Bxf6 gxf6 13. Nc3 Rb8 14. Rb1 Rb4 15. g3 0-0 16. Qf3 f5 17. Ne2 Rfb8 18. b3 Be5 19. c3 Rg4 20. Rfd1 Qc7 21. Qd3 Kh8 22. f3 Rg6 23. Kf1 Rh6 24. f4 Bf6 25. h4 Rg8 26. c4 dxc4 27. bxc4 Qc6 28. Qe3 Bxh4 29. gxh4 Qh1+ 30. Ng1 Rhg6 31. Qd4+ f6 32. Ke1 e5 33. fxe5 Rxg1+ 34. Kd2 Qh2+ 35. Kc3 R1g3+ 36. Kb4 Qxa2 37. Qd6 a5+ 38. Kc5 Rc8+ 39. Kb6 Rb3+ 40. Ka7 Qf2+ 41. c5 Rg3 42. exf6 Rgg8 43. h5 Ra8+ 44. Kb7 Qf3+ 45. c6 Rgc8 46. h6 Qe4 47. f7 1-0